Canto a Valparaíso.

Պահպանված է:
Մատենագիտական մանրամասներ
Հիմնական հեղինակ: Rodríguez Musso, Osvaldo (autor, ilustraciones)
Ձևաչափ: Գիրք
Լեզու:անգլերեն
իսպաներեն
Հրապարակվել է: Valparaíso, Chile: Universidad de Valparaíso, 1996.
Շարք:Colección Libros de Arte
Խորագրեր:
Ցուցիչներ: Ավելացրեք ցուցիչ
Չկան պիտակներ, Եղեք առաջինը, ով նշում է այս գրառումը!

MARC

LEADER 00000nam a2200000 a 4500
001 UCJ7922
003 CL-VaPUC
005 20250224103421.0
008 240930t1996 ||||| |||| 00| 0 eng d
999 |c 323786  |d 323784 
020 |a 956-214-014-8 
040 |c Pontificia Universidad Católica de Valparaíso 
041 0 7 |a eng  |2 CL-VaPUC 
041 0 7 |a spa  |2 CL-VaPUC 
082 0 4 |a Ch861 ROD 1996  |2 21 
100 |a Rodríguez Musso, Osvaldo  |e autor  |e ilustraciones  |9 516438 
245 1 0 |a Canto a Valparaíso. 
246 1 4 |a Los sueños del habitante de la casa transparente. Versión original 
260 |a Valparaíso, Chile:  |b Universidad de Valparaíso,  |c 1996. 
300 |a 123 páginas 
490 |a Colección Libros de Arte 
500 |a Presentación de Ennio Moltedo. Palabras preliminares de Edgardo Catalán. Ilustraciones del autor 
583 |a last modification  |c 20070124 00:00:00  |k Rodrigo Vera 
600 0 7 |a BROWNE E., ALLAN  |2 CL-VaPUC  |9 448203 
650 0 |a Poesía chilena   |9 268403 
650 0 |a Ilustraciones  |9 369481 
650 0 |a Valparaíso  |x Visión poética   |9 516439 
650 0 |a Iconografía   |9 267998 
651 0 |a Valparaíso, Chile  |9 261144 
942 |c BK  |2 ddc 
945 |d 20070124 00:00:00  |a rinostro 
952 |0 0  |1 0  |4 0  |6 CH_861_000000000000000_ROD_1996  |7 0  |8 X  |9 403588  |a FDOBUD  |b FDOBUD  |d 2019-11-22  |i 1025082  |o Ch861 ROD 1996  |p 1025082  |r 2019-11-22  |w 2019-11-22  |y BK_X  |k BUD 
952 |0 0  |1 0  |2 ddc  |4 0  |6 CH_861_000000000000000_ROD_1996  |7 0  |8 A  |9 597061  |a BIBGIM  |b BIBGIM  |d 2024-09-30  |e Donación  |i 5662881  |o Ch861 ROD 1996  |p 5662881  |r 2025-01-15  |t 1  |w 2024-09-30  |y BK  |k ELE